Basic engineering mechanics (Record no. 64288)

000 -LEADER
fixed length control field 00436nam a22001697a 4500
003 - CONTROL NUMBER IDENTIFIER
control field NUST - PNEC
005 - DATE AND TIME OF LATEST TRANSACTION
control field 20170116180837.0
008 - FIXED-LENGTH DATA ELEMENTS--GENERAL INFORMATION
fixed length control field 150811b xxu||||| |||| 00| 0 eng d
020 ## - INTERNATIONAL STANDARD BOOK NUMBER
International Standard Book Number 0333254996
040 ## - CATALOGING SOURCE
Transcribing agency LIBRARY
082 ## - DEWEY DECIMAL CLASSIFICATION NUMBER
Classification number 620.1 HUG
100 ## - MAIN ENTRY--PERSONAL NAME
9 (RLIN) 5122
Personal name Hughes, J.H.
245 ## - TITLE STATEMENT
Title Basic engineering mechanics
Statement of responsibility, etc. J.H. Hughes
260 ## - PUBLICATION, DISTRIBUTION, ETC.
Place of publication, distribution, etc. Hong Kong:
Date of publication, distribution, etc. c1986.
650 ## - SUBJECT ADDED ENTRY--TOPICAL TERM
9 (RLIN) 5125
Topical term or geographic name entry element Mechanical engineering
General subdivision ME
942 ## - ADDED ENTRY ELEMENTS (KOHA)
Source of classification or shelving scheme
Koha item type Book
Holdings
Withdrawn status Lost status Source of classification or shelving scheme Damaged status Not for loan Permanent Location Current Location Shelving location Date acquired Total Checkouts Full call number Barcode Date last seen Price effective from Koha item type
          Pakistan Navy Engineering College (PNEC) Pakistan Navy Engineering College (PNEC)       620.1 HUG PNECLIB-021120 08/11/2015   Book
          Pakistan Navy Engineering College (PNEC) Pakistan Navy Engineering College (PNEC)       620.1 HUG PNECLIB-021122 08/11/2015   Book
          Pakistan Navy Engineering College (PNEC) Pakistan Navy Engineering College (PNEC)       620.1 HUG PNECLIB-021123 08/11/2015   Book
          Pakistan Navy Engineering College (PNEC) Pakistan Navy Engineering College (PNEC)       620.1 HUG PNECLIB-021124 08/11/2015   Book
          Pakistan Navy Engineering College (PNEC) Pakistan Navy Engineering College (PNEC)       620.1 HUG PNECLIB-021125 08/11/2015   Book
          Pakistan Navy Engineering College (PNEC) Pakistan Navy Engineering College (PNEC)       620.1 HUG PNECLIB-021127 08/11/2015   Book
          Pakistan Navy Engineering College (PNEC) Pakistan Navy Engineering College (PNEC)       620.1 HUG PNECLIB-021128 08/11/2015   Book
          Pakistan Navy Engineering College (PNEC) Pakistan Navy Engineering College (PNEC)       620.1 HUG PNECLIB-021129 08/11/2015   Book
          Pakistan Navy Engineering College (PNEC) Pakistan Navy Engineering College (PNEC)       620.1 HUG PNECLIB-021121 09/01/2015   Book
          Pakistan Navy Engineering College (PNEC) Pakistan Navy Engineering College (PNEC)       620.1 HUG PNECLIB-021126 09/01/2015   Book
© 2023 Central Library, National University of Sciences and Technology. All Rights Reserved.